Statistics for DC Legends of Tommorow

Click here to take the quiz!

General Stats

  • This quiz has been taken 158 times
    (154 since last reset)
  • The average score is 13 of 16

Answer Stats

HintAnswer% Correct
Billionare with a super suitRay Palmer/ATOM
97%
Trained by the League of AssasinsSara Lance/White Canary
96%
Loves the coldLeonard Snart/Captain Cold
92%
Old ProfessorMartin Stein/Firestorm
92%
Loves fire and seeing things burnMick Rory/Heat Wave
92%
Time Master and leader of the groupRip Hunter
92%
Robot that controls the shipGideon
91%
Young mechanic who can merch with the ProfessorJefferson Jackson/Firestorm
91%
Egyptian Prince also known as KhufuCarter Hall/Hawkman
82%
Egyptian Priesteres also known as Chay-AraKendra Saunders/Hawkgirl
81%
Main villain of Season 1Vandal Savage
73%
Has animal like powers because of her TotemAmaya Jiwe/Vixen
71%
Historian who got his powers from a serum made by the NaziNate Heywood/Steel
71%
Speedster also starring in the Flash TV ShowEobard Thawne/Reverse Flash
61%
Father of Thea QueenMalcolm Merlyn/Dark Archer
60%
Villain also starring in the Arrow TV ShowDamien Darhk
50%

Score Distribution

Percentile by Number Answered

Percent of People with Each Score

Your Score History

You have not taken this quiz since the last reset